书目信息 |
| 题名: |
第二次鸦片战争
|
|
| 作者: | 齐思和 编 | |
| 分册: | 六 | |
| 出版信息: | 上海 上海人民出版社 1979 |
|
| 页数: | 573页 | |
| 开本: | 20cm | |
| 丛书名: | 中国近代史资料丛刊 | |
| 单 册: | ||
| 中图分类: | K255.06 , K255 | |
| 科图分类: | ||
| 主题词: | 第二次鸦片战争(1856~1860) | |
| 电子资源: | ||
| ISBN: | ||
| 000 | 00694oam2 2200253 450 | |
| 001 | 1533018520 | |
| 005 | 20170926134941.54 | |
| 010 | @dCNY1.80 | |
| 091 | @a11074.390 | |
| 100 | @a19950724d1979 em y0chiy0110 ea | |
| 101 | 0 | @achi |
| 102 | @aCN@b310000 | |
| 105 | @ay z 000yy | |
| 200 | 1 | @a第二次鸦片战争@9di er ci ya pian zhan zheng@h六@f齐思和编 |
| 210 | @a上海@c上海人民出版社@d1979 | |
| 215 | @a573页@d20cm | |
| 225 | 2 | @a中国近代史资料丛刊 |
| 461 | 0 | @12001 @a中国近代史资料丛刊 |
| 606 | 0 | @a第二次鸦片战争(1856~1860) |
| 690 | @aK255.06@v5 | |
| 690 | @aK255@v4 | |
| 701 | 0 | @a齐思和@9qi si he@f(1907~1980)@4编 |
| 801 | 0 | @aCN@bTSSF@c20150125 |
| 905 | @aZUCC@dK255@eJY9:6 | |
| 第二次鸦片战争.六/齐思和编.-上海:上海人民出版社,1979 |
| 573页;20cm.-(中国近代史资料丛刊) |
| ISBN :CNY1.80 |
| ● |
| 相关链接 |
|
|
|
|
正题名:第二次鸦片战争
索取号:K255/JY9:6
 
预约/预借
| 序号 | 登录号 | 条形码 | 馆藏地/架位号 | 状态 | 备注 |
| 1 | 7853928 | 278539280 | 学院路分馆/ [索取号:K255/JY9:6] | 在馆 |